| 000 | 00705nam a2200217 i 4500 | ||
|---|---|---|---|
| 001 | 141028 | ||
| 003 | ES-MaACL | ||
| 005 | 20230906200215.0 | ||
| 007 | t| | ||
| 008 | 070919s1964 sp ||||1| spa d | ||
| 080 | _a301.188.3 | ||
| 100 | 1 |
_aYoung, Michael. _9117700 |
|
| 245 | 1 | 3 |
_aEl triunfo de la meritocracia, 1870-2034 _b: ensayo sobre la educación y la igualdad / _cMichael Young ; [traducción de R. Defarges Ibáñez]. |
| 260 |
_aMadrid : _bTecnos, _c1964. |
||
| 300 |
_a204 p. ; _c20 cm. |
||
| 650 | 1 | 4 |
_aProgreso. _916469 |
| 650 | 4 |
_aIntelectuales. _913848 |
|
| 650 | 1 | 4 |
_aGrupos sociales. _913166 |
| 700 | 1 |
_aDefargues Ibáñez, Ricardo. _943197 |
|
| 852 |
_aES-MaACL _jC-26316 _bR.55370 |
||
| 999 |
_c141028 _d141028 |
||